书目信息 |
| 题名: |
战神粟裕
|
|
| 作者: | 关河五十州 著 | |
| 分册: | ||
| 出版信息: | 北京 现代出版社 2014.6 |
|
| 页数: | 369页 | |
| 开本: | 24cm | |
| 丛书名: | ||
| 单 册: | ||
| 中图分类: | K825.2=74 | |
| 科图分类: | ||
| 主题词: | 将军--jiang jun--生平事迹--中国--现代 , 生平事迹--sheng ping shi ji , 中国--zhong guo | |
| 电子资源: | ||
| ISBN: | 978-7-5143-2807-3 | |
| 000 | 01190nam0 22002771 450 | |
| 001 | 0102164932 | |
| 005 | 20170502164932.0 | |
| 010 | @a978-7-5143-2807-3@dCNY39.00 | |
| 100 | @a20140611d2014 em y0chiy50 ea | |
| 101 | 0 | @achi |
| 102 | @aCN@b110000 | |
| 105 | @ay z 000yd | |
| 106 | @ar | |
| 200 | 1 | @a战神粟裕@9zhan shen su yu@f关河五十州著 |
| 210 | @a北京@c现代出版社@d2014.6 | |
| 215 | @a369页@d24cm | |
| 314 | @a关河五十州,原名赵劲,江苏常州人,对中国近现代史研究颇深,重点是抗战史。2009年在天涯煮酒论坛连载“八千里路云和月——与正面抗战有关的那些事”,因史料新颖,观点独到,引起极大反响 | |
| 330 | @a本书讲述了军事家粟裕的传奇一生。粟裕身为共和国十位大将之首,是一位将战争艺术发挥到淋漓尽致的名将,他善于指挥大兵团作战,创造了淮海战役这样的军事奇迹,并由此决定了现代中国的命运。作者试图突破目前众多传记体例,用通俗化笔法还原一个军事名家的独特人生。 | |
| 600 | 0 | @a粟裕,@Asu yu ,@f1907-1984@x生平事迹 |
| 606 | 0 | @a将军@9jiang jun@x生平事迹@y中国@z现代 |
| 606 | 0 | @a生平事迹@9sheng ping shi ji |
| 606 | 0 | @a中国@9zhong guo |
| 690 | @aK825.2=74@v5 | |
| 701 | 0 | @a关河五十州@9guan he wu shi zhou@4著 |
| 801 | 0 | @aCN@b百万庄@c20170308 |
| 905 | @b1003204-9@dK825.2=74@e916@f6 | |
| 战神粟裕/关河五十州著.-北京:现代出版社,2014.6 |
| 369页;24cm |
| ISBN 978-7-5143-2807-3:CNY39.00 |
| 本书讲述了军事家粟裕的传奇一生。粟裕身为共和国十位大将之首,是一位将战争艺术发挥到淋漓尽致的名将,他善于指挥大兵团作战,创造了淮海战役这样的军事奇迹,并由此决定了现代中国的命运。作者试图突破目前众多传记体例,用通俗化笔法还原一个军事名家的独特人生。 |
| ● |
| 相关链接 |
|
|
|
|
正题名:战神粟裕
索取号:K825.2=74/916
 
预约/预借
| 序号 | 登录号 | 条形码 | 馆藏地/架位号 | 状态 | 备注 |
| 1 | 1003204 | 210032043 | 第二样本阅览室/ [索取号:K825.2=74/916] | 在馆 | |
| 2 | 1003205 | 210032052 | 教育系资料室/ [索取号:K825.2=74/916] | 在馆 | |
| 3 | 1003206 | 210032061 | 教育系资料室/ [索取号:K825.2=74/916] | 在馆 | |
| 4 | 1003207 | 210032070 | 教育系资料室/ [索取号:K825.2=74/916] | 在馆 | |
| 5 | 1003208 | 210032089 | 第二借阅区/ [索取号:K825.2=74/916] | 在馆 | |
| 6 | 1003209 | 210032098 | 第二借阅区/ [索取号:K825.2=74/916] | 在馆 |